|
|
|
|
| LEADER |
01065cam a22003015i 4500 |
| 001 |
AAL8186 |
| 003 |
BD-DhAAL |
| 005 |
20161002102451.0 |
| 008 |
161002s2015 bg b 000 0 eng |
| 010 |
|
|
|a 2016310356
|
| 020 |
|
|
|a 9789845041843
|
| 025 |
|
|
|a B-E-2016310356; 22-91
|
| 037 |
|
|
|b Library of Congress -- New Delhi Overseas Office
|
| 040 |
|
|
|a DLC
|b eng
|e rda
|c DLC
|d DLC
|d DLC
|d BD-DhAAL
|
| 082 |
|
|
|a 428.2
|
| 100 |
1 |
|
|a Billah, Masum
|c (English teacher),
|e author.
|9 20487
|
| 245 |
1 |
0 |
|a CLT & ELT in Bangladeshi context /
|c Masum Billah.
|
| 246 |
3 |
|
|a CLT and ELT in Bangladeshi context
|
| 250 |
|
|
|a Revised edition.
|
| 264 |
|
1 |
|a Dhaka :
|b Murdhonno,
|c 2015.
|
| 300 |
|
|
|a 223 p. ;
|c 22 cm
|
| 504 |
|
|
|a Includes bibliographical references.
|
| 541 |
|
|
|e 8186
|
| 650 |
|
|
|a English language
|x Grammar
|9 20488
|
| 852 |
|
|
|a Savar Campus Library
|c General Shelf
|
| 942 |
|
|
|2 ddc
|c BK
|
| 999 |
|
|
|c 37840
|d 37840
|
| 952 |
|
|
|0 0
|1 0
|2 ddc
|4 0
|6 428_200000000000000_BIL
|7 0
|9 59662
|a SCL
|b SCL
|c GEN
|d 2016-10-02
|g 350.00
|l 0
|o 428.2 BIL
|p 3020008186
|r 2016-10-02
|t 1
|w 2016-10-02
|y BK
|